[Event "Rated Blitz game"]
[Site "?"]
[Date "2021.07.05"]
[Round "?"]
[White "SwedishPunkMusic"]
[Black "BrilliantGambiteer"]
[Result "1-0"]
[WhiteElo "2527"]
[BlackElo "2431"]
[PlyCount "91"]
[EventDate "2021.??.??"]
[EventType "blitz"]

1. e4 e5 2. Nf3 d5 3. d4 dxe4 4. Nxe5 Bd6 5. Nc4 Nf6 6. Be2 O-O 7. O-O Qe7 8.
c3 Nc6 9. h3 Nd5 10. Nxd6 Qxd6 11. Re1 Nf4 12. Bxf4 Qxf4 13. Qd2 Qxd2 14. Nxd2
f5 15. Bc4+ Kh8 16. f4 Bd7 17. Nf1 Rae8 18. Ne3 g6 19. b4 Nd8 20. g3 c6 21. h4
Kg7 22. Kf2 Be6 23. Be2 Nf7 24. a4 a6 25. a5 Nd6 26. c4 Nf7 27. d5 Bd7 28. dxc6
Bxc6 29. b5 Bd7 30. Red1 Rd8 31. bxa6 bxa6 32. c5 Bc8 33. Nc4 Rxd1 34. Rxd1 Rd8
35. Rxd8 Nxd8 36. Nd6 Bb7 37. Nxb7 Nxb7 38. c6 Nd6 39. c7 Kf7 40. Bxa6 Ke7 41.
c8=Q Nxc8 42. Bxc8 Kd6 43. Ke3 Kc7 44. Ba6 Kc6 45. Bc4 h6 46. Bf7 {Normal} 1-0

[Event "Rated Blitz game"]
[Site "?"]
[Date "2021.07.05"]
[Round "?"]
[White "Ker1717"]
[Black "BrilliantGambiteer"]
[Result "1-0"]
[WhiteElo "2423"]
[BlackElo "2415"]
[PlyCount "49"]
[EventDate "2021.??.??"]
[EventType "blitz"]

1. e4 e5 2. Nf3 d5 3. Nxe5 Bd6 4. d4 dxe4 5. Nc4 Nf6 6. Nxd6+ cxd6 7. Nc3 O-O
8. Be2 d5 9. Bg5 Be6 10. O-O Nbd7 11. f3 h6 12. Bh4 g5 13. Bf2 Rc8 14. Qd2 Kg7
15. Be3 Kg6 16. Rad1 Nb6 17. h4 exf3 18. Rxf3 Ng4 19. hxg5 Nxe3 20. Qxe3 hxg5
21. Bd3+ Kg7 22. Qe5+ Kg8 23. Rf6 Nd7 24. Qxg5+ Kh8 25. Rh6# {Normal} 1-0

[Event "Rated Blitz game"]
[Site "?"]
[Date "2021.07.05"]
[Round "?"]
[White "PVZ1971"]
[Black "annaly1979"]
[Result "0-1"]
[WhiteElo "2432"]
[BlackElo "2437"]
[PlyCount "88"]
[EventDate "2021.??.??"]
[EventType "blitz"]

1. e4 e5 2. Nf3 d5 3. Nxe5 Qe7 4. d4 f6 5. Nd3 Nc6 6. Nc3 dxe4 7. Nf4 f5 8. d5
Ne5 9. Be2 Nf6 10. Be3 a6 11. h4 Qd8 12. Qd4 Bd6 13. O-O-O Qe7 14. Qa4+ Bd7 15.
Qb3 b5 16. a4 b4 17. Na2 a5 18. Ne6 Bxe6 19. dxe6 O-O 20. Bb5 Rfb8 21. c4 bxc3
22. Qxc3 Kh8 23. Bd4 Qxe6 24. Kb1 Ng6 25. h5 Nf4 26. h6 N4d5 27. hxg7+ Kxg7 28.
Qh3 Kg8 29. Bc4 c6 30. Nc3 Nxc3+ 31. Qxc3 Nd5 32. Bxd5 cxd5 33. Rh5 Rb4 34.
Rg5+ Kf8 35. Bc5 Rxb2+ 36. Qxb2 Rb8 37. Bb6 Be5 38. Qa3+ Kf7 39. Rd2 Rxb6+ 40.
Kc2 d4 41. Kd1 d3 42. Qa2 Qxa2 43. Rxa2 Kf6 44. Kd2 Bf4+ {Time forfeit} 0-1

[Event "Rated Blitz game"]
[Site "?"]
[Date "2021.07.05"]
[Round "?"]
[White "A1986-ADDOO"]
[Black "rofaidah"]
[Result "0-1"]
[WhiteElo "2399"]
[BlackElo "2411"]
[PlyCount "52"]
[EventDate "2021.??.??"]
[EventType "blitz"]

1. e4 e5 2. Nf3 d5 3. exd5 e4 4. Nd4 Qxd5 5. Nb3 Bd6 6. c4 Qe5 7. c5 Bxc5 8.
Nxc5 Qxc5 9. Nc3 Nf6 10. Qe2 O-O 11. g3 Nc6 12. Bg2 Nd4 13. Qd1 Bg4 14. Qa4 b5
15. Qa5 Nc2+ 16. Kf1 Nxa1 17. h3 Bf3 18. Qxb5 Qxb5+ 19. Nxb5 c6 20. Nd4 Bxg2+
21. Kxg2 c5 22. Nb3 Nxb3 23. axb3 Rab8 24. Rf1 Rxb3 25. g4 Nd5 26. Re1 Re8 {
Normal} 0-1

[Event "Rated Blitz game"]
[Site "?"]
[Date "2021.07.05"]
[Round "?"]
[White "DesertWolfTempo"]
[Black "pasha1984"]
[Result "0-1"]
[WhiteElo "2423"]
[BlackElo "2363"]
[PlyCount "64"]
[EventDate "2021.??.??"]
[EventType "blitz"]

1. e4 e5 2. Nf3 d5 3. exd5 e4 4. Qe2 Nf6 5. Nc3 Be7 6. Nxe4 Nxd5 7. d4 O-O 8.
Bd2 Re8 9. O-O-O Bf8 10. Qd3 Bf5 11. Re1 Nc6 12. Ne5 Ndb4 13. Qc4 Nxe5 14. dxe5
Be6 15. Qb5 Nxa2+ 16. Kb1 c6 17. Qa4 b5 18. Qa6 Qd5 19. c4 Qxe5 20. Qxa2 Bf5
21. f3 b4 22. Qb3 a5 23. Qa4 Qd4 24. Be3 Bxe4+ 25. fxe4 Qxe4+ 26. Ka1 Bc5 27.
Bd2 Qd4 28. Qc2 Rxe1+ 29. Bxe1 a4 30. Bd3 a3 31. Bf2 axb2+ 32. Kb1 Ra1# {Normal
} 0-1

[Event "Rated Blitz game"]
[Site "?"]
[Date "2021.07.05"]
[Round "?"]
[White "POTENTIAL21"]
[Black "artsportscience"]
[Result "0-1"]
[WhiteElo "2275"]
[BlackElo "2414"]
[PlyCount "48"]
[EventDate "2021.??.??"]
[EventType "blitz"]

1. e4 e5 2. Nf3 d5 3. Nxe5 Bd6 4. d4 dxe4 5. Nc3 Bxe5 6. dxe5 Qxd1+ 7. Nxd1 Nc6
8. Bf4 Nge7 9. Bb5 Bf5 10. Ne3 Bg6 11. O-O-O O-O 12. h4 h6 13. g4 h5 14. gxh5
Bxh5 15. Rd7 Rac8 16. Rg1 Rfd8 17. Bxc6 Nxc6 18. e6 Rxd7 19. exd7 Rd8 20. Bxc7
Rxd7 21. Bf4 Nd4 22. Re1 Ne2+ 23. Rxe2 Bxe2 24. Nf5 Rd1# {Normal} 0-1

[Event "Rated Blitz game"]
[Site "?"]
[Date "2021.07.05"]
[Round "?"]
[White "Zalan1110"]
[Black "KinzyabulatovRenat"]
[Result "0-1"]
[WhiteElo "2434"]
[BlackElo "2420"]
[PlyCount "56"]
[EventDate "2021.??.??"]
[EventType "blitz"]

1. e4 e5 2. Nf3 d5 3. exd5 e4 4. Qe2 Nf6 5. Nc3 Be7 6. Nxe4 Nxd5 7. d4 O-O 8.
c4 Bb4+ 9. Bd2 Bxd2+ 10. Nfxd2 Nb4 11. O-O-O Qxd4 12. Nb3 Qe5 13. a3 N4c6 14.
Rd5 Qf4+ 15. Nbd2 Be6 16. g3 Qh6 17. Rg5 Nd7 18. Rh5 Qg6 19. Ng5 Nf6 20. Nxe6
Qxh5 21. Qxh5 Nxh5 22. Nxf8 Kxf8 23. Bg2 Ne5 24. Bxb7 Rb8 25. Be4 Nf6 26. Bc2
Nfg4 27. f4 Nf2 28. Re1 Ned3+ {Normal} 0-1

[Event "Rated Blitz game"]
[Site "?"]
[Date "2021.07.05"]
[Round "?"]
[White "amir_aqn"]
[Black "CreepyMovez"]
[Result "1-0"]
[WhiteElo "2290"]
[BlackElo "2400"]
[PlyCount "69"]
[EventDate "2021.??.??"]
[EventType "blitz"]

1. e4 e5 2. Nf3 d5 3. exd5 e4 4. Nd4 Nf6 5. Nc3 Bd6 6. d3 O-O 7. dxe4 Re8 8.
Bd3 h6 9. O-O a6 10. f4 Bc5 11. Be3 Ng4 12. Qe2 Nxe3 13. Qxe3 Nc6 14. Nce2 Nxd4
15. Nxd4 c6 16. c3 cxd5 17. e5 f6 18. Qg3 Qb6 19. Qg6 Bxd4+ 20. cxd4 Qxd4+ 21.
Kh1 Be6 22. Qh7+ Kf8 23. Rad1 Qxb2 24. Qh8+ Kf7 25. Qh7 Kf8 26. Qh8+ Bg8 27.
Bh7 Kf7 28. Rxd5 Rad8 29. e6+ Ke7 30. Rxd8 Rxd8 31. Qxg7+ Kxe6 32. Bxg8+ Rxg8
33. Qxg8+ Kf5 34. Qh7+ Ke6 35. Qxh6 {Time forfeit} 1-0

[Event "Rated Blitz game"]
[Site "?"]
[Date "2021.07.05"]
[Round "?"]
[White "Viktor_Tahirov555"]
[Black "Schachelite"]
[Result "0-1"]
[WhiteElo "2400"]
[BlackElo "2402"]
[PlyCount "62"]
[EventDate "2021.??.??"]
[EventType "blitz"]

1. e4 e5 2. Nf3 d5 3. d4 dxe4 4. Nxe5 Bd6 5. Nc4 Nf6 6. Nc3 O-O 7. Be2 Nc6 8.
O-O Nxd4 9. Bg5 Re8 10. Kh1 Nxe2 11. Qxe2 Bf5 12. Rad1 Qe7 13. Nxd6 cxd6 14.
Nd5 Qe5 15. Bxf6 gxf6 16. Nc7 Qxb2 17. Nxa8 Rxa8 18. Rxd6 Rc8 19. Qe3 Kg7 20.
Qg3+ Bg6 21. h4 h5 22. f4 Rc3 23. Qe1 Bf5 24. Kh2 Rxc2 25. Qg3+ Bg4 26. f5 e3
27. Rf4 Qe5 28. Rd3 Re2 29. Kg1 Kh7 30. Rxg4 hxg4 31. Qxg4 Re1# {Normal} 0-1

[Event "Rated Blitz game"]
[Site "?"]
[Date "2021.07.05"]
[Round "?"]
[White "notsostrong"]
[Black "ALYHuTANGxKI"]
[Result "0-1"]
[WhiteElo "2494"]
[BlackElo "2317"]
[PlyCount "52"]
[EventDate "2021.??.??"]
[EventType "blitz"]

1. e4 e5 2. Nf3 d5 3. d4 dxe4 4. Nxe5 Bd6 5. Bc4 Bxe5 6. Qh5 Qe7 7. dxe5 Nc6 8.
Bf4 g6 9. Qe2 Nxe5 10. Nc3 Nf6 11. O-O-O O-O 12. Bb3 Bg4 13. f3 Bf5 14. g4 exf3
15. Qxe5 Qxe5 16. Bxe5 Nxg4 17. Bg3 c6 18. Rhf1 Ne3 19. Rxf3 Nxd1 20. Nxd1 Rfe8
21. Ne3 Be4 22. Bxf7+ Kg7 23. Rf2 Re7 24. Bb3 Rae8 25. Bh4 Rd7 26. Ng4 Bf5 {
Time forfeit} 0-1

[Event "Rated Blitz game"]
[Site "?"]
[Date "2021.07.05"]
[Round "?"]
[White "goldenwarrior5000"]
[Black "ibrahim_karpove2711"]
[Result "1-0"]
[WhiteElo "2449"]
[BlackElo "2304"]
[PlyCount "61"]
[EventDate "2021.??.??"]
[EventType "blitz"]

1. e4 e5 2. Nf3 d5 3. exd5 e4 4. Qe2 f5 5. d3 Nf6 6. Nc3 Bb4 7. Bg5 Bxc3+ 8.
bxc3 O-O 9. dxe4 fxe4 10. Nd2 Bf5 11. c4 Kh8 12. Qe3 Nbd7 13. Be2 Qe8 14. O-O
Qg6 15. Nb3 Ne5 16. Nd4 h6 17. Bxf6 Rxf6 18. Nxf5 Qxf5 19. f3 exf3 20. Bxf3
Nxf3+ 21. Rxf3 Qg6 22. Rxf6 Qxf6 23. Rf1 Qg6 24. c3 Re8 25. Qg3 Qc2 26. h4 Qd2
27. Rf7 Rg8 28. Kh2 Qxa2 29. Rxc7 Qa6 30. d6 Qb6 31. c5 {Normal} 1-0

[Event "Rated Blitz game"]
[Site "?"]
[Date "2021.07.05"]
[Round "?"]
[White "Anuar8"]
[Black "CreepyMovez"]
[Result "1/2-1/2"]
[WhiteElo "2263"]
[BlackElo "2404"]
[PlyCount "101"]
[EventDate "2021.??.??"]
[EventType "blitz"]

1. e4 e5 2. Nf3 d5 3. Nxe5 Bd6 4. d4 dxe4 5. Bf4 Nf6 6. h3 O-O 7. Nc3 Nc6 8.
Nxc6 bxc6 9. Qd2 Re8 10. Be2 Bxf4 11. Qxf4 Qxd4 12. Qxc7 e3 13. O-O exf2+ 14.
Rxf2 Be6 15. Qxc6 Rab8 16. Rd1 Qe3 17. Qf3 Qc5 18. Qg3 Nd5 19. Nxd5 Bxd5 20.
Bf3 Be6 21. b3 a5 22. Kh2 a4 23. Rfd2 h6 24. Qd6 Qg5 25. Qg3 Qc5 26. Qd6 Qc3
27. Qd4 Qc7+ 28. Qd6 Qa5 29. Qg3 axb3 30. axb3 Qc3 31. Bg4 Qf6 32. Bxe6 Qxe6
33. Rf2 Rbc8 34. Rdf1 Re7 35. c4 f6 36. Qg4 Qe5+ 37. Qg3 Qc5 38. Qg4 Rce8 39.
Rf5 Qc7+ 40. Qg3 Qb6 41. Rxf6 Qd4 42. Rg6 Re3 43. Rf3 Rxf3 44. Qxf3 Kh7 45. Qg3
Re7 46. Rg4 Qf6 47. Qd3+ Kg8 48. Qd8+ Kh7 49. Qd3+ Kg8 50. Qd8+ Kh7 51. Qd3+ {
Normal} 1/2-1/2

[Event "Rated Blitz game"]
[Site "?"]
[Date "2021.07.05"]
[Round "?"]
[White "SutorminDA"]
[Black "annaly1979"]
[Result "1-0"]
[WhiteElo "2549"]
[BlackElo "2447"]
[PlyCount "53"]
[EventDate "2021.??.??"]
[EventType "blitz"]

1. e4 e5 2. Nf3 d5 3. Nxe5 Qe7 4. d4 f6 5. Nd3 Nc6 6. Nc3 dxe4 7. Nf4 f5 8.
Qh5+ Qf7 9. Qxf7+ Kxf7 10. Bc4+ Ke8 11. Nb5 Kd8 12. Nd5 Bd6 13. Bg5+ Nge7 14.
O-O-O h6 15. Nxd6 cxd6 16. Bf4 Nxd5 17. Bxd5 Ne7 18. Bb3 d5 19. Be5 Be6 20.
Bxg7 Rg8 21. Bxh6 Rxg2 22. Rhg1 Rxh2 23. Bf4 Rxf2 24. Be5 f4 25. Rg7 Nc6 26.
Bf6+ Ke8 27. Rh1 {Normal} 1-0

[Event "Rated Blitz game"]
[Site "?"]
[Date "2021.07.05"]
[Round "?"]
[White "Bierpower"]
[Black "CreepyMovez"]
[Result "1-0"]
[WhiteElo "2408"]
[BlackElo "2394"]
[PlyCount "107"]
[EventDate "2021.??.??"]
[EventType "blitz"]

1. e4 e5 2. Nf3 d5 3. exd5 e4 4. Nd4 Nf6 5. Nc3 Bd6 6. d3 O-O 7. dxe4 Re8 8.
Bd3 a6 9. O-O h6 10. Re1 Ng4 11. h3 Qh4 12. Be3 Bh2+ 13. Kf1 Bd6 14. Nf3 Nxe3+
15. Rxe3 Qh5 16. e5 Bc5 17. Re4 Nd7 18. Rh4 Qxh4 19. Nxh4 Nxe5 20. Nf3 Bd7 21.
Ne4 Bb6 22. c4 Bf5 23. Nxe5 Rxe5 24. Ng3 Bd7 25. b4 Bd4 26. Rc1 Rae8 27. Bh7+
Kxh7 28. Qxd4 b5 29. c5 c6 30. d6 Rd5 31. Qc3 Rde5 32. Kg1 f6 33. Kh2 h5 34.
Qd3+ g6 35. Rd1 h4 36. Nf1 Bf5 37. Qd4 Bd7 38. Qxh4+ Kg7 39. Ne3 Re4 40. Qg3 f5
41. Ng4 fxg4 42. hxg4 Rxg4 43. Qc3+ Kh6 44. f3 Rh4+ 45. Kg3 Rc4 46. Qd2+ g5 47.
Qd3 Kg7 48. Rh1 Rh8 49. Rxh8 Kxh8 50. Qg6 Rf4 51. Qh6+ Kg8 52. Qxg5+ Kf8 53.
Qxf4+ Ke8 54. Qe4+ {Time forfeit} 1-0

[Event "Rated Blitz game"]
[Site "?"]
[Date "2021.07.05"]
[Round "?"]
[White "Shevtsjenko"]
[Black "elcabusin"]
[Result "0-1"]
[WhiteElo "2450"]
[BlackElo "2434"]
[PlyCount "76"]
[EventDate "2021.??.??"]
[EventType "blitz"]

1. e4 e5 2. Nf3 d5 3. exd5 e4 4. Qe2 Nf6 5. Nc3 Be7 6. Ng5 O-O 7. d3 exd3 8.
Qxd3 h6 9. Nge4 Re8 10. Be2 Nbd7 11. Nxf6+ Bxf6 12. O-O Ne5 13. Qd1 Bf5 14. Be3
Qd6 15. Qd2 Bg4 16. Ne4 Qd8 17. Nxf6+ Qxf6 18. Bxg4 Nxg4 19. Bd4 Qd6 20. g3
Qxd5 21. Rad1 Qh5 22. h4 Rad8 23. Qc3 Ne5 24. Bxe5 Rxd1 25. Bxg7 Rxf1+ 26. Kxf1
Qd1+ 27. Kg2 Qd5+ 28. Kh2 Qc6 29. Qxc6 bxc6 30. Bxh6 Re2 31. Be3 Rxc2 32. Bxa7
Rxb2 33. a3 Rb5 34. Be3 Ra5 35. Bc1 c5 36. g4 c4 37. Kg3 c3 38. Kf4 Rd5 {Normal
} 0-1

[Event "Rated Blitz game"]
[Site "?"]
[Date "2021.07.05"]
[Round "?"]
[White "Nebula64"]
[Black "BrilliantGambiteer"]
[Result "0-1"]
[WhiteElo "2545"]
[BlackElo "2409"]
[PlyCount "74"]
[EventDate "2021.??.??"]
[EventType "blitz"]

1. e4 e5 2. Nf3 d5 3. exd5 Bd6 4. d4 e4 5. Ne5 Nf6 6. Nc3 Qe7 7. Nc4 O-O 8. Be2
h6 9. O-O Bb4 10. Ne3 Rd8 11. a3 Bxc3 12. bxc3 Nxd5 13. c4 Nc3 14. Qe1 Nxe2+
15. Qxe2 Rxd4 16. Nd5 Qc5 17. Be3 Qxc4 18. Ne7+ Kf8 19. Qh5 Rd8 20. Bc5 Ke8 21.
Rad1 Nc6 22. Nxc6 bxc6 23. Rxd8+ Kxd8 24. Rd1+ Bd7 25. Qe5 Kc8 26. Qe7 Qe6 27.
Qf8+ Qe8 28. Qxg7 Be6 29. Qxh6 Rb8 30. Bxa7 Rb5 31. a4 Rd5 32. Rb1 Kd7 33. g4
Bxg4 34. Qf4 Bf3 35. Rb8 Qe6 36. h3 Qg6+ 37. Qg3 Rd1+ {Normal} 0-1

[Event "Rated Blitz game"]
[Site "?"]
[Date "2021.07.05"]
[Round "?"]
[White "PeterEndersFan"]
[Black "annaly1979"]
[Result "1-0"]
[WhiteElo "2591"]
[BlackElo "2434"]
[PlyCount "85"]
[EventDate "2021.??.??"]
[EventType "blitz"]

1. e4 e5 2. Nf3 d5 3. exd5 e4 4. Qe2 f5 5. c4 Nf6 6. Nc3 Bb4 7. g3 O-O 8. Nd4
c5 9. Nc2 Nbd7 10. Bg2 Ne5 11. O-O Re8 12. Nxb4 cxb4 13. Nb5 b6 14. b3 Bb7 15.
a3 a6 16. Nd4 Nd3 17. axb4 Qd7 18. f3 Nxb4 19. Bb2 Nd3 20. Bc3 b5 21. fxe4 fxe4
22. Ne6 b4 23. Bxf6 gxf6 24. Qxe4 Ne5 25. Rxf6 Rxe6 26. dxe6 Bxe4 27. exd7 Bxg2
28. Kxg2 Nxd7 29. Raxa6 Re8 30. Rfe6 Rc8 31. Re7 Nc5 32. Rea7 Nxa6 33. Rxa6 Rd8
34. Rb6 Rxd2+ 35. Kh3 Kg7 36. Rxb4 Kg6 37. Rb6+ Kg5 38. b4 h5 39. Rb5+ Kg6 40.
c5 Rd4 41. c6 Rc4 42. Rc5 Rxb4 43. c7 {Normal} 1-0

[Event "Rated Blitz game"]
[Site "?"]
[Date "2021.07.05"]
[Round "?"]
[White "AveFelix"]
[Black "CreepyMovez"]
[Result "1/2-1/2"]
[WhiteElo "2309"]
[BlackElo "2405"]
[PlyCount "86"]
[EventDate "2021.??.??"]
[EventType "blitz"]

1. e4 e5 2. Nf3 d5 3. exd5 e4 4. Qe2 Nf6 5. d3 Bd6 6. dxe4 O-O 7. Nbd2 Re8 8.
e5 Nxd5 9. Qe4 Bxe5 10. Nxe5 Nc6 11. f4 Nxf4 12. Qxf4 Nxe5 13. Be2 Bg4 14. Nf3
Nxf3+ 15. gxf3 Qe7 16. O-O Bh3 17. Rf2 Rad8 18. Bd2 Qc5 19. Bd3 Re6 20. Qh4 Bf5
21. Qxd8+ Qf8 22. Qxf8+ Kxf8 23. Bxf5 Rc6 24. Bb4+ Ke8 25. Re2+ Re6 26. Bxe6
fxe6 27. Rxe6+ Kf7 28. Rae1 b6 29. Re7+ Kf6 30. Rxc7 a5 31. Ree7 axb4 32. Rxg7
h5 33. b3 Kf5 34. Rh7 Kf4 35. Rb7 h4 36. Rxb6 Kxf3 37. Rxb4 Ke3 38. Rbxh4 Kd2
39. Rg7 Kc3 40. Rhh7 Kb2 41. Rf7 Ka3 42. Rhg7 Kxa2 43. h4 Kb2 {Time forfeit}
1/2-1/2

[Event "Rated Blitz game"]
[Site "?"]
[Date "2021.07.05"]
[Round "?"]
[White "DoubleP"]
[Black "pasha1984"]
[Result "1-0"]
[WhiteElo "2556"]
[BlackElo "2394"]
[PlyCount "97"]
[EventDate "2021.??.??"]
[EventType "blitz"]

1. e4 e5 2. Nf3 d5 3. Nxe5 dxe4 4. d4 Bd6 5. Be2 Bxe5 6. dxe5 Qxd1+ 7. Bxd1 Nc6
8. f4 exf3 9. gxf3 Nxe5 10. Nc3 Bd7 11. Bf4 f6 12. Rg1 g6 13. Ne4 Bc6 14. Nxf6+
Nxf6 15. Bxe5 Kf7 16. Kf2 Rhe8 17. Bxc7 Rac8 18. Bf4 Nd5 19. Bd2 Red8 20. Be2
Ne7 21. Be3 Nf5 22. Bxa7 Rd2 23. Rac1 Ra8 24. Bc5 Rxa2 25. Ba3 Nd4 26. Rge1
Bxf3 27. Ke3 Rxe2+ 28. Kxd4 Rxe1 29. Rxe1 Bg4 30. Re7+ Kf6 31. Rxb7 Ra1 32.
Rxh7 Rd1+ 33. Kc3 Bf5 34. Be7+ Ke6 35. Bg5 Rg1 36. h4 Rg2 37. Bd2 Kd5 38. b4
Rg3+ 39. Kb2 Rg2 40. Kc1 Rg1+ 41. Kb2 Rg2 42. Kb3 Rg3+ 43. Bc3 Rg2 44. Rc7
Bxc2+ 45. Ka3 Bf5 46. Rc5+ Kd6 47. Be5+ Kd7 48. b5 Rf2 49. b6 {Time forfeit}
1-0

[Event "Rated Blitz game"]
[Site "?"]
[Date "2021.07.05"]
[Round "?"]
[White "ordas77"]
[Black "annaly1979"]
[Result "0-1"]
[WhiteElo "2419"]
[BlackElo "2399"]
[PlyCount "58"]
[EventDate "2021.??.??"]
[EventType "blitz"]

1. e4 e5 2. Nf3 d5 3. exd5 e4 4. Qe2 f5 5. d3 Nf6 6. dxe4 fxe4 7. Nc3 Be7 8.
Nxe4 Nxe4 9. Qxe4 O-O 10. Be3 Nd7 11. O-O-O Nf6 12. Qc4 Bd6 13. Be2 a6 14. Qh4
Bf5 15. h3 Qd7 16. g4 Bg6 17. Ng5 Qa4 18. Bd3 Bxd3 19. Rxd3 Qxa2 20. Rhd1 Qa1+
21. Kd2 Qxb2 22. Bd4 Bf4+ 23. Ke2 Qxc2+ 24. Kf1 Bxg5 25. Qxg5 h6 26. Qg6 Rae8
27. R1d2 Qb1+ 28. Kg2 Re1 29. Rf3 Qxg6 {Normal} 0-1

[Event "Rated Blitz game"]
[Site "?"]
[Date "2021.07.05"]
[Round "?"]
[White "Helois23"]
[Black "annaly1979"]
[Result "0-1"]
[WhiteElo "2401"]
[BlackElo "2395"]
[PlyCount "40"]
[EventDate "2021.??.??"]
[EventType "blitz"]

1. e4 e5 2. Nf3 d5 3. Nxe5 Qe7 4. d4 f6 5. Nf3 dxe4 6. Nfd2 f5 7. Nc4 Nf6 8. c3
Nc6 9. Nbd2 Qf7 10. Ne3 Bd6 11. Bb5 O-O 12. Ndc4 Kh8 13. Nxd6 cxd6 14. Nc4 Rd8
15. Bf4 a6 16. Bxc6 Qxc4 17. Ba4 Bd7 18. Bb3 Qb5 19. Bxd6 Bc6 20. Be5 Ng4 {
Time forfeit} 0-1

[Event "Rated Blitz game"]
[Site "?"]
[Date "2021.07.05"]
[Round "?"]
[White "TheHandandTheGoose"]
[Black "annaly1979"]
[Result "1-0"]
[WhiteElo "2446"]
[BlackElo "2397"]
[PlyCount "133"]
[EventDate "2021.??.??"]
[EventType "blitz"]

1. e4 e5 2. Nf3 d5 3. Nxe5 Qe7 4. d4 f6 5. Nf3 dxe4 6. Ng1 f5 7. Bc4 Nf6 8. Ne2
Nc6 9. O-O Be6 10. Bxe6 Qxe6 11. Nf4 Qf7 12. c3 Bd6 13. Qb3 Qxb3 14. axb3 a5
15. Na3 Kd7 16. Nc4 Be7 17. Be3 g5 18. Ne2 f4 19. Bd2 b5 20. Na3 b4 21. Nc4 h6
22. Rfe1 Rhe8 23. g3 f3 24. Nc1 Ke6 25. Be3 Kd5 26. Na2 Ng4 27. Rad1 h5 28. h3
Nh6 29. Nc1 Nf5 30. Na2 g4 31. h4 a4 32. bxa4 Rxa4 33. Nc1 bxc3 34. b3 Ra1 35.
Rf1 Nb4 36. Ne5 Nxe3 37. fxe3 Bd6 38. Kf2 Rxc1 39. Rxc1 Nd3+ 40. Nxd3 exd3 41.
Rxc3 d2 42. Rd1 Bb4 43. Rxc7 Ke4 44. Rc4 Rb8 45. d5+ Kd3 46. d6 Ba5 47. d7 Bb6
48. Rc8 Rb7 49. d8=Q+ Bxd8 50. Rxd8+ Kc3 51. R1xd2 Kb4 52. R8d4+ Ka3 53. b4 Kb3
54. e4 Ra7 55. b5 Ra1 56. Rd1 Ra2+ 57. R4d2 Ra5 58. Rb1+ Kc3 59. Rdb2 Ra8 60.
b6 Rb8 61. b7 Kd4 62. e5 Kxe5 63. Rb5+ Kd4 64. Rxh5 Kd3 65. Rg5 Kc2 66. Rb6 Rd8
67. Rc5+ {Time forfeit} 1-0

[Event "Rated Rapid game"]
[Site "?"]
[Date "2021.07.05"]
[Round "?"]
[White "khaledbenalyemen"]
[Black "Dr_Lenk"]
[Result "1-0"]
[WhiteElo "2453"]
[BlackElo "2322"]
[PlyCount "55"]
[EventDate "2021.??.??"]
[EventType "rapid"]

1. e4 e5 2. Nf3 d5 3. exd5 e4 4. Nd4 Qxd5 5. Nb3 Bd6 6. Nc3 Qe5 7. g3 Nf6 8. h3
Nc6 9. Bg2 Nd4 10. O-O O-O 11. Re1 Bf5 12. d3 Bxh3 13. Bf4 Qe6 14. Nxd4 Qd7 15.
Bxd6 cxd6 16. Nxe4 Nd5 17. Qh5 Bxg2 18. Kxg2 f5 19. Ng5 h6 20. Nge6 Rf6 21. Re2
b5 22. Rae1 Qb7 23. Qf3 f4 24. Nc7 Rf7 25. Nxd5 fxg3 26. Ne7+ Rxe7 27. Rxe7
gxf2 28. Qxb7 {Normal} 1-0

[Event "Rated Blitz game"]
[Site "?"]
[Date "2021.07.05"]
[Round "?"]
[White "Maxbot01"]
[Black "Taabling"]
[Result "1-0"]
[WhiteElo "2313"]
[BlackElo "2462"]
[PlyCount "57"]
[EventDate "2021.??.??"]
[EventType "blitz"]

1. e4 e5 2. Nf3 d5 3. exd5 Bd6 4. d4 e4 5. Ne5 Nf6 6. Nc3 O-O 7. Bg5 Bf5 8. g4
Bg6 9. h4 h6 10. h5 Bh7 11. Bh4 Re8 12. Qd2 Bxe5 13. dxe5 Rxe5 14. O-O-O Nbd7
15. g5 hxg5 16. Bxg5 Qf8 17. h6 Rae8 18. Bb5 a6 19. Bxf6 Nxf6 20. Bxe8 Qxe8 21.
hxg7 Qe7 22. d6 cxd6 23. Qxd6 Qxd6 24. Rxd6 Kxg7 25. Rb6 Re7 26. Rxf6 Kxf6 27.
Nd5+ Ke6 28. Nxe7 Bg6 29. Nxg6 {Normal} 1-0

[Event "Rated Blitz game"]
[Site "?"]
[Date "2021.07.05"]
[Round "?"]
[White "aravindArz"]
[Black "CreepyMovez"]
[Result "0-1"]
[WhiteElo "2342"]
[BlackElo "2402"]
[PlyCount "66"]
[EventDate "2021.??.??"]
[EventType "blitz"]

1. e4 e5 2. Nf3 d5 3. exd5 e4 4. Qe2 Nf6 5. d3 Bd6 6. dxe4 O-O 7. Nc3 Re8 8.
Be3 a6 9. O-O-O b5 10. a3 Nxe4 11. Nxe4 Rxe4 12. Qd2 Bg4 13. Bd3 Re8 14. h3 Bh5
15. g4 Bg6 16. Ng5 Nd7 17. h4 Nc5 18. h5 Bxd3 19. Bxc5 Bxc5 20. cxd3 Qxd5 21.
Ne4 Bd4 22. Kb1 a5 23. f4 b4 24. a4 Ra6 25. Rc1 Bb6 26. Rc4 Raa8 27. h6 Rad8
28. hxg7 Rxe4 29. Rxh7 Rxc4 30. Qh2 Qxd3+ 31. Ka1 Rc1+ 32. Ka2 b3+ 33. Ka3 Bc5#
{Normal} 0-1

[Event "Rated Blitz game"]
[Site "?"]
[Date "2021.07.05"]
[Round "?"]
[White "Subhayan_1"]
[Black "annaly1979"]
[Result "1-0"]
[WhiteElo "2589"]
[BlackElo "2418"]
[PlyCount "51"]
[EventDate "2021.??.??"]
[EventType "blitz"]

1. e4 e5 2. Nf3 d5 3. Nxe5 Qe7 4. d4 f6 5. Nf3 dxe4 6. Nfd2 f5 7. Nc3 Nf6 8.
Nc4 Nc6 9. Bf4 a6 10. Ne5 Bd7 11. Nxd7 Qxd7 12. Bc4 Qxd4 13. Qxd4 Nxd4 14.
O-O-O O-O-O 15. Be5 Bc5 16. Na4 Ba7 17. c3 b5 18. Bxd4 Bxd4 19. Be6+ Kb7 20.
cxd4 bxa4 21. Bxf5 Rhe8 22. Rhe1 g6 23. Bh3 Nd5 24. g3 Nb4 25. Bg2 Nd3+ 26.
Rxd3 {Normal} 1-0

[Event "Rated Rapid game"]
[Site "?"]
[Date "2021.07.05"]
[Round "?"]
[White "Serg_T"]
[Black "WarAndLose"]
[Result "1/2-1/2"]
[WhiteElo "2512"]
[BlackElo "2377"]
[PlyCount "53"]
[EventDate "2021.??.??"]
[EventType "rapid"]

1. e4 e5 2. Nf3 d5 3. d4 dxe4 4. Nxe5 Nc6 5. Bb5 Bd7 6. Bxc6 Bxc6 7. Nxc6 bxc6
8. O-O Nf6 9. Bg5 Be7 10. Nc3 O-O 11. Re1 h6 12. Bxf6 Bxf6 13. Rxe4 Re8 14.
Rxe8+ Qxe8 15. Qg4 Rd8 16. Ne2 c5 17. c3 Qb5 18. b3 Qd3 19. Rf1 Qc2 20. dxc5
Rd2 21. Nd4 Qxc3 22. Qc8+ Kh7 23. Qf5+ Kg8 24. Qc8+ Kh7 25. Qf5+ Kg8 26. Qc8+
Kh7 27. Qf5+ {Normal} 1/2-1/2

[Event "Rated Blitz game"]
[Site "?"]
[Date "2021.07.05"]
[Round "?"]
[White "Prettyfishy"]
[Black "Fantastic_power06"]
[Result "1-0"]
[WhiteElo "2708"]
[BlackElo "2624"]
[PlyCount "81"]
[EventDate "2021.??.??"]
[EventType "blitz"]

1. e4 e5 2. Nf3 d5 3. Nxe5 Bd6 4. d4 dxe4 5. Nc3 Bxe5 6. dxe5 Qxd1+ 7. Kxd1 Nc6
8. Nxe4 Bf5 9. Bd3 O-O-O 10. Nd6+ cxd6 11. Bxf5+ Kc7 12. exd6+ Rxd6+ 13. Bd3
Rf6 14. Be3 Nge7 15. c3 Nd5 16. Rf1 Ne5 17. Kc2 Nxd3 18. Kxd3 Rd8 19. Bd4 Nf4+
20. Kc2 Re6 21. g3 Nd5 22. Rfe1 Rc6 23. Bxg7 Nb4+ 24. Kb3 Nd3 25. Re7+ Kb6 26.
Bd4+ Ka6 27. Rxf7 Rd5 28. a4 Re6 29. Rd1 Nc5+ 30. Kc4 Rd7 31. Rxd7 Nxd7 32.
Bxa7 Ne5+ 33. Kd5 Re8 34. Bd4 Nf3 35. Kc4 Re2 36. b4 Ra2 37. Kb3 Re2 38. Rd3
Ng5 39. Re3 Rd2 40. Re5 h6 41. Ra5# {Normal} 1-0

[Event "Rated Blitz game"]
[Site "?"]
[Date "2021.07.05"]
[Round "?"]
[White "Prettyfishy"]
[Black "Fantastic_power06"]
[Result "0-1"]
[WhiteElo "2715"]
[BlackElo "2618"]
[PlyCount "34"]
[EventDate "2021.??.??"]
[EventType "blitz"]

1. e4 e5 2. Nf3 d5 3. exd5 e4 4. Ne5 Qxd5 5. d4 exd3 6. Nxd3 Nf6 7. Nc3 Qf5 8.
Be2 Bd6 9. O-O Nc6 10. Re1 Be6 11. Bf3 O-O-O 12. Bxc6 bxc6 13. h3 g5 14. Qf3
Qxf3 15. gxf3 Bxh3 16. Bxg5 Rdg8 17. f4 h6 {Normal} 0-1